=LDR 00000nam 2200000 4500 =001 INLIS000000000002354 =005 20130612090711 =008 ***********************************Ind** =035 ##$$0010-061300000002354 =041 ##$$a Ind =082 ##$$a 819.2 =090 ##$$a 819.2, Sit w =100 ##$$a Siti Maria =245 ##$$a Wulang basa Sunda jeung basa Melayu, Siti Maria, Sri Saadah S, Herutomo, Dadang Indrarsyah =260 ##$$a 1992-1993 $b Jakarta =300 ##$$a vii, 92 hlm, 21 cm =650 ##$$a Kesusastraan Sunda =700 ##$$a Sri Saadah S. Herutomo =850 ##$$a NBPNMAT